Hexagon Hopping: Geography Quiz Stats

 Plays Quiz Updated May 22, 2018

Score 0/88 Timer 10:00
0 Plays Today
% Correct
F - US state containing Jacksonville,
Tallahassee and Miami
100%
S - Constituent country
of the UK with this flag
98.1%
Florida
98.1%
Florida
98.1%
M - Northern Italian city known for
fashion and its soccer teams
98.1%
Florida
98.1%
Florida
98.1%
Y - Smallest by population of Canada's
provinces or territories
96.9%
A - Capital city of the Netherlands
96.3%
H - Mountain range in Asia,
home to Mount Everest
96.3%
Scotland
96.3%
Milan
96.3%
Scotland
96.3%
Milan
96.3%
K - Highest mountain in Africa
96.1%
V - South American country
whose capital is Caracas
95.9%
Q - Second largest state of Australia
95.8%
Amsterdam
95.8%
Amsterdam
95.8%
O - Continent comprising mostly water that
includes New Zealand and Pacific island nations
95.7%
Himalayas
95.7%
Himalayas
95.7%
N - River in Northeastern Africa
main water source of Egypt & Sudan
95.3%
Queensland
95.2%
Queensland
95.2%
Yukon
95.1%
Yukon
95.1%
J - Asian island nation with this flag
94.9%
Kilimanjaro
94.9%
Kilimanjaro
94.9%
% Correct
C - Region consisting of Cuba, Jamaica,
Haiti and the Dominican Republic
94.8%
P - Largest ocean in the world
94.8%
E - Imaginary line around the world
separating northern and southern hemispheres
94.8%
Venezuela
94.8%
Venezuela
94.8%
Japan
94.7%
Japan
94.7%
R - Country that borders Finland and North Korea
94.7%
G - Largest desert in Asia
spanning China and Mongolia
94.7%
Z - Landlocked country in Southern
Africa; capital Lusaka
94.7%
Nile
94.7%
Nile
94.7%
Kilimanjaro
94.6%
Oceania
94.6%
Kilimanjaro
94.6%
Oceania
94.6%
B - US state capital, home to sports
teams Red Sox, Celtics and Bruins
94.6%
L - Capital city of Peru
94.6%
I - Third largest Asian country,
containing Mumbai, Delhi and Bangalore
94.6%
Equator
94.6%
Equator
94.6%
Russia
94.6%
Russia
94.6%
Pacific
94.5%
Pacific
94.5%
Boston
94.5%
Lima
94.5%
Boston
94.5%
Lima
94.5%
D - Name of the currencies used in Canada,
Australia, Singapore and the U.S.
94.5%
% Correct
T - Major island south of Australia
94.5%
Caribbean
94.5%
Caribbean
94.5%
India
94.4%
India
94.4%
Gobi
94.4%
Gobi
94.4%
Zambia
94.4%
Zambia
94.4%
Tasmania
94.3%
Tasmania
94.3%
Dollar
94.1%
Dollar
94.1%
Dollar
94.1%
Dollar
94.1%
Dollar
94.1%
Dollar
94.1%
Dollar
94.1%
Dollar
94.1%
Dollar
94.1%
Dollar
94.1%
Dollar
94.1%
Dollar
94.1%
Dollar
94.1%
Dollar
94.1%
Dollar
94.1%
Dollar
94.1%
Dollar
94.1%

You're not logged in!

Compare scores with friends on all Sporcle quizzes.
OR
Log In

Sporcle TV

Today on Sporcle TV


Watch our educational content, quiz creation guides, and fun videos on Sporcle TV.

Show Comments

Extras

Top Quizzes Today


Score Distribution

Your Account Isn't Verified!

In order to create a playlist on Sporcle, you need to verify the email address you used during registration. Go to your Sporcle Settings to finish the process.

Report this User

Report this user for behavior that violates our Community Guidelines.

Details: